Stati per minore confine terrestre - Europa - Statistics

Statistiche generali
  • Questo quiz è stato fatto 39 volte
  • Il punteggio medio è 8 su 10
Statistiche sulle risposte
Confini totali (km) Nazione % Corretto
3,2 Città del Vaticano
100%
120 Andorra
97%
76 Liechtenstein
97%
39 San Marino
97%
4,4 Monaco
94%
359 Lussemburgo
91%
68 Danimarca
79%
499 Irlanda
76%
625 Montenegro
56%
499 Regno Unito
53%
Nessun quiz corrispondente trovato
Distribuzione punteggi
Percentuale di utenti per punteggio
Percentile per numero di risposta
I tuoi punteggi nel tempo
Non hai fatto questo quiz